000 00693nam a2200217Ia 4500
005 20241129104301.0
008 241129s9999||||xx |||||||||||||| ||und||
020 _a9780691182537
037 _aTextual
040 _aRTL
_beng
_cRTL
041 _aeng
_2eng
084 _aY15.2 R1
_qRTL
100 _aBallakrishnen Swethaa S.
_9725610
245 0 _aAccidental feminism: Gender parity and selective mobility among India's professional elite
_cBallakrishnen Swethaa S.
260 _aOxford
_bPrinceton University Press
_c2021
300 _axx,266p.
365 _aINR
_bRs 2484.95
650 _aFeminism- India
_9487675
942 _cTB
_hY15.2 R1
999 _c1225220
_d1225220